| 000 | 00805nam a22002297a 4500 | ||
|---|---|---|---|
| 999 |
_c15546 _d15546 |
||
| 003 | AR-CdUCM | ||
| 008 | 190429b ||||| |||| 00| 0 spa d | ||
| 040 |
_aMUNICIPALIDAD PROVINCIAL DEL CUSCO _cBIBLIOTECA MUNICIPAL DEL CUSCO |
||
| 082 |
_a951.95 / _bC79 |
||
| 110 |
_aThe bank of Korea _934652 |
||
| 245 | _aCorea 1945-1975 / | ||
| 260 |
_aCorea : _bAsia PR center, _c1975. |
||
| 300 |
_a373 paginas ; _bIlustraciones, _c37 cm. |
||
| 505 | _aContenido : Historia y cultura -- Patrimonios culturales -- Escultura -- Objetos de laca y adornos -- Arquitectura de madera -- cerĂ¡mica... | ||
| 650 |
_aCorea _91036 |
||
| 650 |
_aHistoria y tradicion _934653 |
||
| 650 |
_aReligion _91195 |
||
| 650 |
_aEconomia _9382 |
||
| 650 |
_aArquitectura _93356 |
||
| 942 |
_2ddc _cLIBROS |
||
| 945 |
_awnts _d2019-04-29 |
||